000
00232nam a2200109Ia 4500
008
190912s9999||||xx |||||||||||||| ||und||
100
_a
Maniza Naqvi
245
0
_a
On Air
260
_a
UK
_b
Addision
_c
2000
300
_a
162
942
_c
BK
999
_c
7552
_d
7552